|
|
|
|
| LEADER |
00906nam a22002417a 4500 |
| 001 |
37588 |
| 003 |
BD-DhAAL |
| 005 |
20250622094124.0 |
| 008 |
211220t2020 bg a|||| |||| 00| 0 eng d |
| 020 |
|
|
|a 9789849419617
|
| 040 |
|
|
|a BD-DhAAL
|d BD-DhAAL
|
| 082 |
|
|
|a 910.4092
|
| 245 |
|
|
|a A grand voyage around the world /
|c Jharna Chatterjee.
|
| 260 |
|
|
|a Dhaka :
|b Zazabar Mintu Palak,
|c 2020.
|
| 300 |
|
|
|a 152 pages :
|b illustrations ;
|c 22 cm.
|
| 541 |
|
|
|a complimentary copy from Author Jharna Chatterjee
|e 37588
|
| 650 |
|
|
|a Voyages and travels.
|9 43561
|
| 650 |
|
|
|a Women travelers
|z Australia.
|9 43562
|
| 650 |
|
|
|a Travels.
|9 45264
|
| 852 |
|
|
|a Ayesha Abed Library
|c General Stacks
|
| 942 |
|
|
|2 ddc
|c BK
|
| 999 |
|
|
|c 43365
|d 43365
|
| 952 |
|
|
|0 0
|1 0
|2 ddc
|4 0
|6 910_409200000000000_GRA
|7 0
|9 69551
|a BRACUL
|b BRACUL
|c GEN
|d 2021-12-20
|e Complimentary copy from Author
|l 0
|o 910.4092 GRA
|p 3010037588
|r 2021-12-20
|t 1
|w 2021-12-20
|y BK
|